MARC

LEADER 00000nam0a2200000 4500
001 131276
005 20241205134519.0
010 |a 5286009697 
035 |a (RuTPU)RU\TPU\book\142192 
090 |a 131276 
100 |a 20080215a1992 km a0rusy5003 ca 
101 0 |a rus 
102 |a RU 
105 |a a z 001zy 
200 1 |a Гляциология горных областей  |f Государственный комитет по гидрометеорологии ; под ред. Ю. Д. Москалева, В. М. Сезина 
210 |a Москва  |c Гидрометеоиздат  |d 1992 
215 |a 128 с.  |c ил. 
225 1 |a Труды Среднеазиатского регионального научно-исследовательского института им. В. А. Бугаева  |v Вып. 146 (227) 
320 |a Библиография в конце статей 
610 1 |a ледники 
610 1 |a гляциология 
610 1 |a снежные лавины 
610 1 |a сборники 
675 |a 551.324  |v 3 
675 |a 551.578.4  |v 3 
702 1 |a Москалев  |b Ю. Д.  |4 340 
702 1 |a Сезин  |b В. М.  |4 340 
712 0 2 |a Государственный комитет по гидрометеорологии  |3 (RuTPU)RU\TPU\col\13487 
801 0 |a RU  |b RuMRKP  |c 19950417  |g psbo 
801 1 |a RU  |b 63413507  |c 20080215  |g PSBO 
801 2 |a RU  |b 63413507  |c 20081031  |g PSBO 
942 |c BK